Forensic Handwriting Identification : (Record no. 645)

MARC details
000 -LEADER
fixed length control field 01480nam a2200301 a 4500
001 - CONTROL NUMBER
control field 645
003 - CONTROL NUMBER IDENTIFIER
control field MYCC
005 - DATE AND TIME OF LATEST TRANSACTION
control field 20260116085900.0
008 - FIXED-LENGTH DATA ELEMENTS--GENERAL INFORMATION
fixed length control field 260109s2021 enkao f 001 0 eng d
020 ## - INTERNATIONAL STANDARD BOOK NUMBER
International Standard Book Number 9780124096028
Qualifying information hardback
040 ## - CATALOGING SOURCE
Original cataloging agency MYCC
Language of cataloging eng
Transcribing agency MYCC
Modifying agency MYCC
Description conventions rda
082 04 - DEWEY DECIMAL CLASSIFICATION NUMBER
Edition number 23
Classification number 155.282
090 00 - LOCALLY ASSIGNED LC-TYPE CALL NUMBER (OCLC); LOCAL CALL NUMBER (RLIN)
Classification number (OCLC) (R) ; Classification number, CALL (RLIN) (NR) 155.282
Item number MOR
100 1# - MAIN ENTRY--PERSONAL NAME
Personal name Morris, Ron
Relator term author.
245 00 - TITLE STATEMENT
Title Forensic Handwriting Identification :
Remainder of title Fundamental Concepts and Principles /
Statement of responsibility, etc. Ron Morris
250 ## - EDITION STATEMENT
Edition statement Second Edition.
264 #1 - PRODUCTION, PUBLICATION, DISTRIBUTION, MANUFACTURE, AND COPYRIGHT NOTICE
Place of production, publication, distribution, manufacture London :
Name of producer, publisher, distributor, manufacturer Academic Press,
Date of production, publication, distribution, manufacture, or copyright notice 2021
264 #4 - PRODUCTION, PUBLICATION, DISTRIBUTION, MANUFACTURE, AND COPYRIGHT NOTICE
Date of production, publication, distribution, manufacture, or copyright notice ©2021
300 ## - PHYSICAL DESCRIPTION
Extent xiv, 306 pages :
Other physical details illustrations, photographs ;
Dimensions 24 cm
336 ## - CONTENT TYPE
Source rdacontent
Content type term text
337 ## - MEDIA TYPE
Source rdamedia
Media type term unmediated
338 ## - CARRIER TYPE
Source rdacarrier
Carrier type term volume
500 ## - GENERAL NOTE
General note Includes Index
505 ## - FORMATTED CONTENTS NOTE
Formatted contents note 1. Physiology of Writing 2. Handwriting Systems 3. Class Characteristics 4. Individuality and Individual Characteristics 5. Characteristics, Qualities, and Features of Writing 6. Relative Speed of Writing and Writing Skill 7. Ratios or Relative Relationships 8. Beginning, Connecting and Ending Strokes 9. Writing Instruments 10. General Observations 11. The Process of Comparison 12. Abnormal/Disguised Writing 13. Obtaining Handwriting Samples 14. Submitting a case to the lab 15. Examiner’s Final Report
650 #0 - SUBJECT ADDED ENTRY--TOPICAL TERM
Topical term or geographic name entry element Graphology
650 #0 - SUBJECT ADDED ENTRY--TOPICAL TERM
Topical term or geographic name entry element Writing
General subdivision Identification
942 ## - ADDED ENTRY ELEMENTS (KOHA)
Source of classification or shelving scheme Dewey Decimal Classification
Koha item type Books
Holdings
Withdrawn status Lost status Source of classification or shelving scheme Damaged status Not for loan Permanent location Current location Shelving location Date acquired Total Checkouts Total Renewals Full call number Barcode Date due Date last seen Date last checked out Price effective from Koha item type
    Dewey Decimal Classification     MYCC Library MYCC Library General stacks 09/01/2026 1 1 155.282 MOR 2021 11058 06/05/2026 08/04/2026 08/04/2026 09/01/2026 Books
    Dewey Decimal Classification     MYCC Library MYCC Library Reference 09/01/2026     155.282 MOR 2021 REF 11059   09/01/2026   09/01/2026 Reference

© 2024 Malaysia Competition Commission (MyCC) All Rights Reserved.

FOLLOW US ON